[Event "Moscow Open 2016 A"]
[Site "?"]
[Date "2016.02.01"]
[Round "3.17"]
[White "Ponkratov, Pavel"]
[Black "Geivondian, Arman"]
[Result "1/2-1/2"]
[BlackElo "2374"]
[WhiteElo "2591"]
[LiveChessVersion "1.4.7"]

1. e4 {[%clk 1:23:48]} e6 {[%clk 1:30:52]} 2. d4 {[%clk 1:24:11]} d5
{[%clk 1:31:18]} 3. e5 {[%clk 1:24:38]} c5 {[%clk 1:31:40]} 4. c3
{[%clk 1:25:05]} Qb6 {[%clk 1:32:06]} 5. Nf3 {[%clk 1:25:31]} Nc6
{[%clk 1:32:31]} 6. a3 {[%clk 1:25:59]} c4 {[%clk 1:32:56]} 7. Nbd2
{[%clk 1:26:24]} Na5 {[%clk 1:33:22]} 8. g3 {[%clk 1:26:50]} Bd7 {[%clk 1:33:49]}
9. Bh3 {[%clk 1:27:17]} h6 {[%clk 1:29:46]} 10. O-O {[%clk 1:27:27]} Ne7
{[%clk 1:22:54]} 11. Rb1 {[%clk 1:27:46]} O-O-O {[%clk 1:21:41]} 12. Nh4
{[%clk 1:27:21]} g6 {[%clk 1:17:48]} 13. Ng2 {[%clk 1:27:20]} Kb8
{[%clk 1:12:01]} 14. Ne3 {[%clk 1:27:44]} Qc7 {[%clk 1:10:23]} 15. Qf3
{[%clk 1:20:57]} Be8 {[%clk 0:51:28]} 16. Bg2 {[%clk 1:21:22]} Nf5
{[%clk 0:48:31]} 17. h4 {[%clk 1:07:04]} Rg8 {[%clk 0:38:44]} 18. Qd1
{[%clk 1:01:08]} Bb5 {[%clk 0:30:48]} 19. Ng4 {[%clk 0:55:41]} Qc6
{[%clk 0:27:53]} 20. Nf3 {[%clk 0:55:49]} Ba4 {[%clk 0:27:05]} 21. Qe2
{[%clk 0:56:13]} Nb3 {[%clk 0:20:17]} 22. Bf4 {[%clk 0:56:17]} Rh8
{[%clk 0:20:12]} 23. h5 {[%clk 0:54:28]} g5 {[%clk 0:13:31]} 24. Be3
{[%clk 0:54:54]} Be7 {[%clk 0:13:13]} 25. Nf6 {[%clk 0:55:09]} Na5
{[%clk 0:11:52]} 26. Bc1 {[%clk 0:47:53]} Nb3 {[%clk 0:11:16]} 27. g4
{[%clk 0:48:15]} Nxc1 {[%clk 0:11:15]} 28. Rbxc1 {[%clk 0:48:40]} Nd6
{[%clk 0:06:38]} 29. exd6 {[%clk 0:46:51]} Bxf6 {[%clk 0:07:02]} 30. Ne5
{[%clk 0:47:15]} Bxe5 {[%clk 0:07:21]} 31. dxe5 {[%clk 0:46:19]} f6
{[%clk 0:07:50]} 32. Rce1 {[%clk 0:41:33]} fxe5 {[%clk 0:04:41]} 33. Qxe5
{[%clk 0:41:58]} Qxd6 {[%clk 0:05:04]} 34. Qxe6 {[%clk 0:42:24]} Qxe6
{[%clk 0:05:32]} 35. Rxe6 {[%clk 0:42:48]} Bd7 {[%clk 0:05:56]} 36. Re5
{[%clk 0:43:14]} Bxg4 {[%clk 0:04:43]} 37. Bxd5 {[%clk 0:43:38]} Bxh5
{[%clk 0:04:28]} 38. f4 {[%clk 0:42:20]} Rhe8 {[%clk 0:03:03]} 39. Bxc4
{[%clk 0:42:40]} Rxe5 {[%clk 0:01:59]} 40. fxe5 {[%clk 1:13:06]} Rd1
{[%clk 0:32:07]} 41. Rxd1 {[%clk 1:10:46]} Bxd1 {[%clk 0:32:19]} 42. Bd5
{[%clk 1:11:10]} Kc7 {[%clk 0:32:03]} 43. Kf2 {[%clk 1:10:14]} h5
{[%clk 0:31:06]} 44. Kg3 {[%clk 1:00:11]} b5 {[%clk 0:22:48]} 45. Bf7
{[%clk 0:57:05]} Kd7 {[%clk 0:15:07]} 46. a4 {[%clk 0:49:44]} Ke7
{[%clk 0:12:52]} 47. Bd5 {[%clk 0:49:37]} b4 {[%clk 0:10:12]} 48. a5
{[%clk 0:50:00]} bxc3 {[%clk 0:10:39]} 49. bxc3 {[%clk 0:50:27]} Bg4
{[%clk 0:10:55]} 50. c4 {[%clk 0:49:56]} Be6 {[%clk 0:11:13]} 51. Kf3
{[%clk 0:47:49]} h4 {[%clk 0:11:23]} 52. Kg2 {[%clk 0:48:09]} g4 {[%clk 0:07:42]}
53. Kf2 {[%clk 0:48:34]} g3+ {[%clk 0:07:48]} 54. Kf3 {[%clk 0:48:57]} Bh3
{[%clk 0:06:55]} 55. c5 {[%clk 0:48:14]} Kd7 {[%clk 0:07:10]} 56. Ke3
{[%clk 0:43:14]} Bf1 {[%clk 0:06:02]} 57. Kf3 {[%clk 0:42:44]} Kc7
{[%clk 0:05:46]} 58. Kg4 {[%clk 0:37:00]} g2 {[%clk 0:05:35]} 59. Bxg2
{[%clk 0:37:27]} Bxg2 {[%clk 0:06:00]} 60. Kxh4 {[%clk 0:37:54]} Kc6
{[%clk 0:04:01]} 61. Kg3 {[%clk 0:38:15]} Bd5 {[%clk 0:04:21]} 62. Kf2
{[%clk 0:38:40]} Kxc5 {[%clk 0:04:36]} 63. Ke3 {[%clk 0:39:05]} Kc4
{[%clk 0:04:59]} 64. Kd2 {[%clk 0:39:31]} Kb3 {[%clk 0:05:20]} 65. Kc1
{[%clk 0:39:57]} Be4 {[%clk 0:05:02]} 66. e6 {[%clk 0:40:10]} Bg6
{[%clk 0:05:30]} 67. e7 {[%clk 0:40:32]} Ka2 {[%clk 0:05:57]} 68. Kd2
{[%clk 0:40:55]} Kb2 {[%clk 0:06:14]} 69. Kd1 {[%clk 0:41:16]} 1/2-1/2

[Event "Moscow Open 2016 A"]
[Site "?"]
[Date "2016.02.01"]
[Round "3.18"]
[White "Pridorozhni, Aleksei"]
[Black "Yeletsky, Ivan"]
[Result "1-0"]
[BlackElo "2373"]
[WhiteElo "2550"]
[LiveChessVersion "1.4.7"]

1. c4 {[%clk 1:30:56]} Nf6 {[%clk 1:28:57]} 2. d4 {[%clk 1:31:20]} g6
{[%clk 1:29:03]} 3. f3 {[%clk 1:31:43]} d5 {[%clk 1:28:07]} 4. cxd5
{[%clk 1:32:07]} Nxd5 {[%clk 1:28:32]} 5. e4 {[%clk 1:32:32]} Nb6
{[%clk 1:28:54]} 6. Nc3 {[%clk 1:32:54]} Bg7 {[%clk 1:29:12]} 7. Be3
{[%clk 1:33:15]} O-O {[%clk 1:29:27]} 8. Qd2 {[%clk 1:33:30]} Nc6
{[%clk 1:29:37]} 9. O-O-O {[%clk 1:33:32]} a5 {[%clk 1:27:21]} 10. f4
{[%clk 1:28:22]} a4 {[%clk 1:25:55]} 11. d5 {[%clk 1:28:35]} Na5 {[%clk 1:26:06]}
12. Bd4 {[%clk 1:28:22]} e5 {[%clk 1:10:16]} 13. fxe5 {[%clk 1:21:46]} Nbc4
{[%clk 1:10:37]} 14. Bxc4 {[%clk 1:19:14]} Nxc4 {[%clk 1:10:56]} 15. Qe2
{[%clk 1:19:35]} Nxe5 {[%clk 1:03:45]} 16. Nf3 {[%clk 1:19:49]} Qe7
{[%clk 1:02:02]} 17. a3 {[%clk 1:15:10]} Bd7 {[%clk 0:57:44]} 18. Qf2
{[%clk 1:14:04]} b6 {[%clk 0:48:42]} 19. Nxe5 {[%clk 1:05:33]} Bxe5
{[%clk 0:49:01]} 20. Bxe5 {[%clk 1:05:58]} Qxe5 {[%clk 0:49:21]} 21. Qd4
{[%clk 1:06:18]} Rfe8 {[%clk 0:46:24]} 22. Qxe5 {[%clk 1:03:36]} Rxe5
{[%clk 0:46:32]} 23. Rd4 {[%clk 1:03:56]} b5 {[%clk 0:38:08]} 24. Kd2
{[%clk 0:50:31]} Rae8 {[%clk 0:38:10]} 25. Rf1 {[%clk 0:43:32]} Kg7
{[%clk 0:37:29]} 26. h4 {[%clk 0:43:03]} h6 {[%clk 0:36:48]} 27. Rf4
{[%clk 0:41:44]} Rg8 {[%clk 0:32:25]} 28. Ke3 {[%clk 0:39:20]} g5
{[%clk 0:31:07]} 29. hxg5 {[%clk 0:39:44]} hxg5 {[%clk 0:30:28]} 30. Rf2
{[%clk 0:39:53]} f5 {[%clk 0:27:31]} 31. Rd1 {[%clk 0:40:04]} Rge8
{[%clk 0:27:17]} 32. Kd4 {[%clk 0:33:34]} fxe4 {[%clk 0:26:50]} 33. Rdf1
{[%clk 0:33:49]} R8e7 {[%clk 0:24:32]} 34. Ke3 {[%clk 0:31:59]} Be8
{[%clk 0:14:29]} 35. Rf5 {[%clk 0:29:19]} Rxf5 {[%clk 0:09:25]} 36. Rxf5
{[%clk 0:24:56]} Kg6 {[%clk 0:09:50]} 37. Rf8 {[%clk 0:25:00]} Kh5
{[%clk 0:09:31]} 38. d6 {[%clk 0:22:48]} cxd6 {[%clk 0:09:54]} 39. Nd5
{[%clk 0:23:13]} Re5 {[%clk 0:08:30]} 40. Nf6+ {[%clk 0:53:34]} Kg6
{[%clk 0:37:47]} 41. Nxe8 {[%clk 0:53:58]} d5 {[%clk 0:35:58]} 42. Nc7
{[%clk 0:52:25]} d4+ {[%clk 0:34:54]} 43. Kxd4 {[%clk 0:52:35]} e3
{[%clk 0:35:16]} 44. Rf1 {[%clk 0:52:59]} e2 {[%clk 0:35:40]} 45. Re1
{[%clk 0:53:25]} Kf5 {[%clk 0:35:20]} 46. Nd5 {[%clk 0:52:55]} Re4+
{[%clk 0:34:30]} 47. Kd3 {[%clk 0:53:18]} Re5 {[%clk 0:34:41]} 48. Nc3
{[%clk 0:53:31]} 1-0

[Event "Moscow Open 2016 A"]
[Site "?"]
[Date "2016.02.02"]
[Round "4.1"]
[White "Timofeev, Artyom"]
[Black "Korobov, Anton"]
[Result "1/2-1/2"]
[BlackElo "2710"]
[WhiteElo "2570"]
[LiveChessVersion "1.4.7"]

1. c4 {[%clk 1:30:56]} c6 {[%clk 1:30:31]} 2. d4 {[%clk 1:30:53]} d5
{[%clk 1:30:54]} 3. Nf3 {[%clk 1:31:12]} Nf6 {[%clk 1:31:15]} 4. Nc3
{[%clk 1:31:12]} e6 {[%clk 1:31:38]} 5. e3 {[%clk 1:31:26]} Nbd7 {[%clk 1:32:01]}
6. Qc2 {[%clk 1:31:34]} Bd6 {[%clk 1:32:09]} 7. Bd3 {[%clk 1:31:28]} dxc4
{[%clk 1:30:55]} 8. Bxc4 {[%clk 1:30:07]} b5 {[%clk 1:22:39]} 9. Be2
{[%clk 1:28:34]} Bb7 {[%clk 1:22:00]} 10. O-O {[%clk 1:26:59]} O-O
{[%clk 1:18:46]} 11. Rd1 {[%clk 1:26:03]} Qc7 {[%clk 1:18:02]} 12. Bd2
{[%clk 1:24:59]} h6 {[%clk 1:08:56]} 13. Rac1 {[%clk 1:17:43]} Qb8
{[%clk 1:08:38]} 14. a3 {[%clk 0:55:21]} a5 {[%clk 1:06:12]} 15. h3
{[%clk 0:52:15]} Re8 {[%clk 1:01:53]} 16. Be1 {[%clk 0:41:26]} e5
{[%clk 0:56:33]} 17. dxe5 {[%clk 0:38:05]} Nxe5 {[%clk 0:56:47]} 18. Nxe5
{[%clk 0:38:28]} Bxe5 {[%clk 0:57:07]} 19. b4 {[%clk 0:37:10]} axb4
{[%clk 0:44:04]} 20. axb4 {[%clk 0:36:20]} Ra3 {[%clk 0:31:44]} 21. Bf3
{[%clk 0:30:52]} Qa8 {[%clk 0:07:27]} 22. Ne2 {[%clk 0:27:15]} Ra2
{[%clk 0:06:41]} 23. Qd3 {[%clk 0:27:06]} Ra3 {[%clk 0:06:10]} 24. Qc2
{[%clk 0:24:29]} Ra2 {[%clk 0:06:06]} 25. Qd3 {[%clk 0:24:41]} Ra3
{[%clk 0:06:24]} 26. Qc2 {[%clk 0:24:35]} 1/2-1/2

[Event "Moscow Open 2016 A"]
[Site "?"]
[Date "2016.02.02"]
[Round "4.2"]
[White "Bernadskiy, Vitaliy"]
[Black "Artemiev, Vladislav"]
[Result "1/2-1/2"]
[BlackElo "2673"]
[WhiteElo "2546"]
[LiveChessVersion "1.4.7"]

1. d4 {[%clk 1:30:57]} d5 {[%clk 1:30:11]} 2. c4 {[%clk 1:31:19]} c6
{[%clk 1:30:20]} 3. cxd5 {[%clk 1:31:25]} cxd5 {[%clk 1:30:37]} 4. Bf4
{[%clk 1:31:46]} Nc6 {[%clk 1:30:26]} 5. e3 {[%clk 1:32:09]} Nf6 {[%clk 1:30:44]}
6. Nc3 {[%clk 1:32:33]} a6 {[%clk 1:30:32]} 7. Rc1 {[%clk 1:31:24]} Bg4
{[%clk 1:29:31]} 8. f3 {[%clk 1:31:29]} Bh5 {[%clk 1:28:40]} 9. Qb3
{[%clk 1:26:21]} Na5 {[%clk 1:25:56]} 10. Qa4+ {[%clk 1:26:32]} Nc6
{[%clk 1:25:01]} 11. Qb3 {[%clk 1:26:27]} Na5 {[%clk 1:18:48]} 12. Qa4+
{[%clk 1:26:49]} Nc6 {[%clk 1:19:08]} 13. Qb3 {[%clk 1:17:12]} 1/2-1/2

[Event "Moscow Open 2016 A"]
[Site "?"]
[Date "2016.02.02"]
[Round "4.3"]
[White "Ivanov, Oleg V"]
[Black "Khismatullin, Denis"]
[Result "1-0"]
[BlackElo "2626"]
[WhiteElo "2519"]
[LiveChessVersion "1.4.7"]

1. e4 {[%clk 1:30:56]} c5 {[%clk 1:25:31]} 2. Nf3 {[%clk 1:31:18]} Nc6
{[%clk 1:25:57]} 3. d4 {[%clk 1:28:47]} cxd4 {[%clk 1:26:18]} 4. Nxd4
{[%clk 1:29:14]} Nf6 {[%clk 1:26:43]} 5. Nc3 {[%clk 1:29:38]} d6 {[%clk 1:27:10]}
6. Bg5 {[%clk 1:24:33]} e6 {[%clk 1:26:16]} 7. Qd2 {[%clk 1:24:51]} a6
{[%clk 1:26:41]} 8. O-O-O {[%clk 1:24:32]} Bd7 {[%clk 1:27:08]} 9. f3
{[%clk 1:24:11]} Be7 {[%clk 1:25:07]} 10. h4 {[%clk 1:24:03]} b5 {[%clk 1:20:13]}
11. Nxc6 {[%clk 1:19:49]} Bxc6 {[%clk 1:20:14]} 12. Ne2 {[%clk 1:19:48]} Rc8
{[%clk 1:20:40]} 13. Nd4 {[%clk 1:19:51]} Bb7 {[%clk 1:20:58]} 14. g4
{[%clk 1:15:31]} O-O {[%clk 1:19:26]} 15. Rh2 {[%clk 0:51:33]} Re8
{[%clk 1:09:02]} 16. Kb1 {[%clk 0:46:07]} Nd7 {[%clk 0:56:57]} 17. Bxe7
{[%clk 0:39:15]} Qxe7 {[%clk 0:54:47]} 18. Qe1 {[%clk 0:36:58]} Ne5
{[%clk 0:38:39]} 19. Qg3 {[%clk 0:32:53]} b4 {[%clk 0:23:48]} 20. g5
{[%clk 0:30:03]} Qc7 {[%clk 0:14:51]} 21. h5 {[%clk 0:24:29]} d5 {[%clk 0:15:09]}
22. f4 {[%clk 0:20:14]} Nc6 {[%clk 0:15:12]} 23. Nxc6 {[%clk 0:19:38]} Bxc6
{[%clk 0:11:23]} 24. exd5 {[%clk 0:19:25]} Rcd8 {[%clk 0:02:53]} 25. h6
{[%clk 0:15:09]} Bxd5 {[%clk 0:02:49]} 26. Bd3 {[%clk 0:10:06]} g6
{[%clk 0:02:50]} 27. Rhd2 {[%clk 0:10:09]} Qc5 {[%clk 0:01:09]} 28. Qe1
{[%clk 0:09:07]} Bf3 {[%clk 0:01:04]} 29. Be2 {[%clk 0:09:07]} Rxd2
{[%clk 0:01:16]} 30. Qxd2 {[%clk 0:09:28]} Bd5 {[%clk 0:01:32]} 31. Qd4
{[%clk 0:05:39]} Qxd4 {[%clk 0:01:29]} 32. Rxd4 {[%clk 0:06:06]} a5
{[%clk 0:01:46]} 33. Bc4 {[%clk 0:06:03]} Kf8 {[%clk 0:01:34]} 34. Bxd5
{[%clk 0:04:17]} exd5 {[%clk 0:02:02]} 35. Kc1 {[%clk 0:03:17]} Rd8
{[%clk 0:02:19]} 36. a3 {[%clk 0:02:32]} bxa3 {[%clk 0:02:42]} 37. bxa3
{[%clk 0:02:59]} Ke7 {[%clk 0:02:53]} 38. Kd2 {[%clk 0:03:17]} Kd6
{[%clk 0:01:11]} 39. Ra4 {[%clk 0:00:49]} Ra8 {[%clk 0:01:31]} 40. Kd3
{[%clk 0:31:05]} Kc5 {[%clk 0:31:11]} 41. f5 {[%clk 0:24:10]} Ra7
{[%clk 0:09:07]} 42. c3 {[%clk 0:24:03]} Kc6 {[%clk 0:05:04]} 43. Rf4
{[%clk 0:19:12]} Kc5 {[%clk 0:04:05]} 44. fxg6 {[%clk 0:12:58]} fxg6
{[%clk 0:04:30]} 45. Rf8 {[%clk 0:13:25]} Re7 {[%clk 0:04:30]} 46. Ra8
{[%clk 0:09:39]} Re5 {[%clk 0:03:39]} 47. Rxa5+ {[%clk 0:09:56]} Kb6
{[%clk 0:04:07]} 48. Ra8 {[%clk 0:10:12]} Rxg5 {[%clk 0:04:31]} 49. Rh8
{[%clk 0:10:32]} Rh5 {[%clk 0:04:16]} 50. Rxh7 {[%clk 0:10:55]} Rh4
{[%clk 0:04:25]} 51. Rh8 {[%clk 0:10:54]} g5 {[%clk 0:03:26]} 52. Ke3
{[%clk 0:08:33]} Kb7 {[%clk 0:01:32]} 53. Kf3 {[%clk 0:07:06]} d4
{[%clk 0:00:45]} 54. cxd4 {[%clk 0:02:22]} Rxd4 {[%clk 0:01:13]} 55. Rg8
{[%clk 0:02:42]} Rh4 {[%clk 0:01:26]} 56. Rg6 {[%clk 0:02:52]} Ka7
{[%clk 0:01:03]} 57. Kg3 {[%clk 0:03:16]} Kb7 {[%clk 0:01:19]} 58. Rg7+
{[%clk 0:03:38]} Kb6 {[%clk 0:00:38]} 59. h7 {[%clk 0:03:26]} Ka6
{[%clk 0:00:34]} 60. Kg2 {[%clk 0:03:32]} Kb6 {[%clk 0:00:45]} 61. Kf3
{[%clk 0:03:57]} Ka6 {[%clk 0:00:34]} 62. Kg3 {[%clk 0:04:22]} Kb6
{[%clk 0:00:35]} 63. a4 {[%clk 0:04:30]} Ka6 {[%clk 0:00:36]} 64. a5
{[%clk 0:04:47]} Rh1 {[%clk 0:00:32]} 65. Kg4 {[%clk 0:05:01]} 1-0

[Event "Moscow Open 2016 A"]
[Site "?"]
[Date "2016.02.02"]
[Round "4.4"]
[White "Goganov, Aleksey"]
[Black "Korchmar, Vasiliy"]
[Result "0-1"]
[BlackElo "2405"]
[WhiteElo "2591"]
[LiveChessVersion "1.4.7"]

1. d4 {[%clk 1:30:57]} d5 {[%clk 1:30:48]} 2. c4 {[%clk 1:31:23]} c6
{[%clk 1:31:08]} 3. Nf3 {[%clk 1:31:50]} Nf6 {[%clk 1:31:26]} 4. e3
{[%clk 1:32:16]} Bg4 {[%clk 1:31:44]} 5. h3 {[%clk 1:32:42]} Bh5 {[%clk 1:32:01]}
6. g4 {[%clk 1:33:02]} Bg6 {[%clk 1:32:23]} 7. Ne5 {[%clk 1:33:26]} e6
{[%clk 1:32:37]} 8. Bg2 {[%clk 1:33:48]} Nbd7 {[%clk 1:33:00]} 9. Nxg6
{[%clk 1:34:09]} hxg6 {[%clk 1:33:21]} 10. Nd2 {[%clk 1:34:33]} Bd6
{[%clk 1:32:14]} 11. O-O {[%clk 1:31:56]} Qe7 {[%clk 1:32:32]} 12. Re1
{[%clk 1:28:49]} Ne4 {[%clk 1:32:47]} 13. Nxe4 {[%clk 1:18:48]} dxe4
{[%clk 1:32:10]} 14. f4 {[%clk 1:18:13]} exf3 {[%clk 1:32:34]} 15. Qxf3
{[%clk 1:18:41]} Qh4 {[%clk 1:32:56]} 16. Bd2 {[%clk 1:16:56]} f5
{[%clk 1:33:01]} 17. gxf5 {[%clk 0:59:28]} gxf5 {[%clk 1:28:34]} 18. e4
{[%clk 0:57:06]} O-O-O {[%clk 1:28:06]} 19. Re3 {[%clk 0:40:11]} Bf4
{[%clk 0:48:13]} 20. Re2 {[%clk 0:30:54]} Bxd2 {[%clk 0:48:32]} 21. Rxd2
{[%clk 0:31:19]} Nc5 {[%clk 0:27:51]} 22. exf5 {[%clk 0:30:00]} Rxd4
{[%clk 0:28:16]} 23. Re2 {[%clk 0:28:13]} Rf8 {[%clk 0:25:27]} 24. Re5
{[%clk 0:20:31]} Rxf5 {[%clk 0:17:52]} 25. Rxf5 {[%clk 0:20:53]} exf5
{[%clk 0:18:17]} 26. Qxf5+ {[%clk 0:21:19]} Nd7 {[%clk 0:18:44]} 27. Kh1
{[%clk 0:12:09]} Rxc4 {[%clk 0:17:02]} 28. Rf1 {[%clk 0:12:14]} Qd4
{[%clk 0:16:03]} 29. b3 {[%clk 0:12:29]} Rc5 {[%clk 0:15:47]} 30. Qf3
{[%clk 0:10:39]} Rc2 {[%clk 0:14:48]} 31. Re1 {[%clk 0:09:08]} Rxa2
{[%clk 0:13:00]} 32. Re8+ {[%clk 0:09:34]} Kc7 {[%clk 0:13:27]} 33. Qg3+
{[%clk 0:09:14]} Kb6 {[%clk 0:13:53]} 34. Kh2 {[%clk 0:09:39]} Nf6
{[%clk 0:08:48]} 35. Re7 {[%clk 0:09:26]} Nd5 {[%clk 0:08:22]} 36. Rf7
{[%clk 0:07:57]} g5 {[%clk 0:07:03]} 37. Qb8 {[%clk 0:02:23]} Rxg2+
{[%clk 0:07:19]} 38. Kxg2 {[%clk 0:02:51]} Nf4+ {[%clk 0:05:33]} 39. Rxf4
{[%clk 0:02:50]} gxf4 {[%clk 0:05:56]} 40. Qc8 {[%clk 0:31:35]} Qd2+
{[%clk 0:35:55]} 41. Kf3 {[%clk 0:31:48]} Qe3+ {[%clk 0:36:13]} 42. Kg4
{[%clk 0:32:13]} f3 {[%clk 0:28:59]} 43. Qd8+ {[%clk 0:30:26]} Kb5
{[%clk 0:27:30]} 44. Qd7 {[%clk 0:29:49]} f2 {[%clk 0:24:06]} 45. Qxb7+
{[%clk 0:28:37]} Ka5 {[%clk 0:23:41]} 46. b4+ {[%clk 0:28:26]} Ka4
{[%clk 0:24:10]} 47. Qxc6+ {[%clk 0:28:46]} Kb3 {[%clk 0:24:00]} 48. Qa6
{[%clk 0:24:20]} Kc2 {[%clk 0:23:00]} 49. h4 {[%clk 0:24:45]} Kd2
{[%clk 0:22:13]} 50. Qa2+ {[%clk 0:25:01]} Ke1 {[%clk 0:22:35]} 51. Qb1+
{[%clk 0:25:24]} Ke2 {[%clk 0:22:56]} 52. Qc2+ {[%clk 0:25:46]} Kf1
{[%clk 0:23:00]} 0-1

[Event "Moscow Open 2016 A"]
[Site "?"]
[Date "2016.02.02"]
[Round "4.5"]
[White "Eliseev, Urii"]
[Black "Natacheev, Peter"]
[Result "1-0"]
[BlackElo "2341"]
[WhiteElo "2582"]
[LiveChessVersion "1.4.7"]

1. e4 {[%clk 1:25:17]} e5 {[%clk 1:30:47]} 2. Nf3 {[%clk 1:25:17]} Nc6
{[%clk 1:31:12]} 3. Bb5 {[%clk 1:25:40]} a6 {[%clk 1:31:24]} 4. Ba4
{[%clk 1:25:58]} Nf6 {[%clk 1:31:47]} 5. O-O {[%clk 1:26:21]} Be7
{[%clk 1:32:13]} 6. d3 {[%clk 1:26:45]} d6 {[%clk 1:30:46]} 7. c3
{[%clk 1:27:06]} O-O {[%clk 1:30:53]} 8. Re1 {[%clk 1:25:32]} b5 {[%clk 1:29:26]}
9. Bc2 {[%clk 1:25:46]} Bg4 {[%clk 1:29:00]} 10. Nbd2 {[%clk 1:25:31]} d5
{[%clk 1:20:49]} 11. Qe2 {[%clk 1:20:01]} d4 {[%clk 1:10:41]} 12. h3
{[%clk 1:20:04]} Bxf3 {[%clk 1:07:41]} 13. Nxf3 {[%clk 1:19:39]} Re8
{[%clk 1:06:35]} 14. Bb3 {[%clk 1:13:56]} h6 {[%clk 1:04:56]} 15. Bd2
{[%clk 0:58:40]} Bf8 {[%clk 0:58:37]} 16. Rac1 {[%clk 0:56:59]} Na5
{[%clk 0:58:13]} 17. cxd4 {[%clk 0:49:08]} Nxb3 {[%clk 0:57:56]} 18. axb3
{[%clk 0:49:30]} exd4 {[%clk 0:58:23]} 19. Ba5 {[%clk 0:49:54]} Ra7
{[%clk 0:55:16]} 20. Rc6 {[%clk 0:48:44]} Nd5 {[%clk 0:52:26]} 21. Qd2
{[%clk 0:47:44]} Ne7 {[%clk 0:51:29]} 22. Rc5 {[%clk 0:45:53]} Ng6
{[%clk 0:47:49]} 23. Rd5 {[%clk 0:45:03]} Qf6 {[%clk 0:48:17]} 24. b4
{[%clk 0:36:43]} Bd6 {[%clk 0:37:54]} 25. Rf5 {[%clk 0:26:49]} Qd8
{[%clk 0:37:41]} 26. Nxd4 {[%clk 0:21:45]} Bf4 {[%clk 0:37:03]} 27. Qc3
{[%clk 0:22:09]} Be5 {[%clk 0:30:40]} 28. Rxe5 {[%clk 0:22:22]} Nxe5
{[%clk 0:31:07]} 29. f4 {[%clk 0:22:45]} Ng6 {[%clk 0:30:45]} 30. Nc6
{[%clk 0:22:59]} Qa8 {[%clk 0:31:04]} 31. f5 {[%clk 0:22:48]} Ne7
{[%clk 0:29:51]} 32. Nxa7 {[%clk 0:21:16]} Qxa7+ {[%clk 0:30:15]} 33. Qc5
{[%clk 0:19:36]} Qxc5+ {[%clk 0:29:41]} 34. bxc5 {[%clk 0:20:00]} Rd8
{[%clk 0:29:34]} 35. Bxc7 {[%clk 0:15:06]} Rxd3 {[%clk 0:28:53]} 36. Ra1
{[%clk 0:15:29]} Re3 {[%clk 0:27:53]} 37. Rxa6 {[%clk 0:15:39]} Rxe4
{[%clk 0:28:19]} 38. Ra8+ {[%clk 0:16:00]} Kh7 {[%clk 0:28:48]} 39. Re8
{[%clk 0:16:21]} Re3 {[%clk 0:28:25]} 40. Kf2 {[%clk 0:46:41]} 1-0

[Event "Moscow Open 2016 A"]
[Site "?"]
[Date "2016.02.02"]
[Round "4.6"]
[White "Inarkiev, Ernesto"]
[Black "Elistratov, Semen"]
[Result "1-0"]
[BlackElo "2277"]
[WhiteElo "2676"]
[LiveChessVersion "1.4.7"]

1. d4 {[%clk 1:30:57]} Nf6 {[%clk 1:30:47]} 2. c4 {[%clk 1:31:23]} e6
{[%clk 1:31:05]} 3. Nf3 {[%clk 1:31:48]} b6 {[%clk 1:31:18]} 4. g3
{[%clk 1:32:09]} Bb7 {[%clk 1:31:32]} 5. Bg2 {[%clk 1:32:33]} Be7
{[%clk 1:31:56]} 6. Nc3 {[%clk 1:32:15]} O-O {[%clk 1:31:22]} 7. d5
{[%clk 1:27:52]} exd5 {[%clk 1:19:26]} 8. cxd5 {[%clk 1:23:30]} Bb4
{[%clk 1:18:45]} 9. Nh4 {[%clk 1:23:32]} c6 {[%clk 1:16:48]} 10. O-O
{[%clk 1:22:58]} Bxc3 {[%clk 1:16:00]} 11. bxc3 {[%clk 1:22:52]} Nxd5
{[%clk 1:15:24]} 12. c4 {[%clk 1:08:33]} Ne7 {[%clk 1:04:27]} 13. Ba3
{[%clk 1:08:35]} d5 {[%clk 0:56:47]} 14. e4 {[%clk 1:04:17]} d4 {[%clk 0:53:53]}
15. e5 {[%clk 1:04:39]} Qd7 {[%clk 0:44:33]} 16. Bxe7 {[%clk 0:58:48]} Qxe7
{[%clk 0:44:57]} 17. Qxd4 {[%clk 0:59:07]} c5 {[%clk 0:40:40]} 18. Nf5
{[%clk 0:58:56]} Qg5 {[%clk 0:28:31]} 19. Qd6 {[%clk 0:55:46]} Bxg2
{[%clk 0:27:25]} 20. Ne7+ {[%clk 0:56:07]} Qxe7 {[%clk 0:27:31]} 21. Qxe7
{[%clk 0:56:32]} Nc6 {[%clk 0:26:11]} 22. Qxf8+ {[%clk 0:50:16]} Kxf8
{[%clk 0:26:17]} 23. Kxg2 {[%clk 0:50:41]} Nxe5 {[%clk 0:26:36]} 24. Rac1
{[%clk 0:43:44]} Rd8 {[%clk 0:24:44]} 25. Rfd1 {[%clk 0:44:01]} Re8
{[%clk 0:21:44]} 26. Re1 {[%clk 0:32:47]} f6 {[%clk 0:19:34]} 27. f4
{[%clk 0:32:34]} Nc6 {[%clk 0:19:59]} 28. Rxe8+ {[%clk 0:32:57]} Kxe8
{[%clk 0:20:26]} 29. Kf3 {[%clk 0:32:41]} f5 {[%clk 0:14:12]} 30. Re1+
{[%clk 0:30:05]} Kf7 {[%clk 0:13:37]} 31. g4 {[%clk 0:29:45]} Nd4+
{[%clk 0:12:59]} 32. Kg3 {[%clk 0:30:07]} fxg4 {[%clk 0:12:55]} 33. Kxg4
{[%clk 0:30:19]} g6 {[%clk 0:13:02]} 34. Re5 {[%clk 0:29:33]} h5+
{[%clk 0:10:10]} 35. Kh3 {[%clk 0:27:06]} Nf5 {[%clk 0:06:56]} 36. Rd5
{[%clk 0:23:27]} Ke7 {[%clk 0:07:06]} 37. Rd3 {[%clk 0:21:14]} Nd6
{[%clk 0:03:03]} 38. Kh4 {[%clk 0:20:31]} Nxc4 {[%clk 0:01:55]} 39. Kg5
{[%clk 0:20:48]} Kf7 {[%clk 0:02:02]} 40. Rd7+ {[%clk 0:44:28]} Ke6
{[%clk 0:32:27]} 41. Rxa7 {[%clk 0:44:55]} Ne3 {[%clk 0:26:20]} 42. Rg7
{[%clk 0:42:21]} Nc4 {[%clk 0:15:47]} 43. Rb7 {[%clk 0:40:03]} Kd5
{[%clk 0:14:56]} 44. Kxg6 {[%clk 0:40:22]} Ke4 {[%clk 0:14:43]} 45. Kg5
{[%clk 0:39:34]} Nd2 {[%clk 0:13:07]} 46. Re7+ {[%clk 0:38:08]} Kd3
{[%clk 0:13:31]} 47. f5 {[%clk 0:34:23]} c4 {[%clk 0:13:36]} 48. Kf4
{[%clk 0:34:36]} c3 {[%clk 0:12:29]} 49. Re3+ {[%clk 0:31:36]} Kd4
{[%clk 0:12:54]} 50. f6 {[%clk 0:31:44]} c2 {[%clk 0:12:33]} 51. Re1
{[%clk 0:32:11]} Nc4 {[%clk 0:12:55]} 52. Rc1 {[%clk 0:32:28]} Ne5
{[%clk 0:10:50]} 53. Rxc2 {[%clk 0:32:47]} 1-0